| 000 | 00591nam a2200205 u 4500 | ||
|---|---|---|---|
| 005 | 20220603063747.0 | ||
| 008 | 170124s2008 mx r 000 0 spa d | ||
| 035 | _aUPN01000215544 | ||
| 049 | _aI | ||
| 050 | 4 |
_aBJ1631 _bCH3.2 |
|
| 100 | 1 |
_aCharabati Nehmad, Esther _933571 |
|
| 245 | 1 | 0 |
_aDiálogos en el país de las maravillas / _cEsther Charabati. |
| 260 |
_aMéxico : _bFelou, _cc2008. |
||
| 300 |
_a[28] p. : _bil. col. |
||
| 440 | 0 | _aMaqueta | |
| 650 | 4 |
_aVALORES - _vLITERATURA INFANTIL _921634 |
|
| 650 | 4 |
_aCuentos infantiles _96744 |
|
| 905 | _aInfantil | ||
| 999 |
_c187644 _d187644 |
||